Dataset Open Access

Dataset for: Prediction Methods for Flooding Points in Knitted Wire Mesh Demisters at Relevant Fluid properties

Döß, Alexander


MARC21 XML Export

<?xml version='1.0' encoding='UTF-8'?>
<record xmlns="http://www.loc.gov/MARC21/slim">
  <leader>00000nmm##2200000uu#4500</leader>
  <datafield tag="773" ind1=" " ind2=" ">
    <subfield code="a">https://www.hzdr.de/publications/Publ-43341</subfield>
    <subfield code="i">isIdenticalTo</subfield>
    <subfield code="n">url</subfield>
  </datafield>
  <datafield tag="773" ind1=" " ind2=" ">
    <subfield code="a">https://www.hzdr.de/publications/Publ-43369</subfield>
    <subfield code="i">isReferencedBy</subfield>
    <subfield code="n">url</subfield>
  </datafield>
  <datafield tag="773" ind1=" " ind2=" ">
    <subfield code="a">10.14278/rodare.4641</subfield>
    <subfield code="i">isVersionOf</subfield>
    <subfield code="n">doi</subfield>
  </datafield>
  <datafield tag="700" ind1=" " ind2=" ">
    <subfield code="a">Unger, Sebastian</subfield>
    <subfield code="u">Helmholtz-Zentrum Dresden-Rossendorf</subfield>
    <subfield code="0">(orcid)0000-0002-1997-8303</subfield>
    <subfield code="4">dgs</subfield>
  </datafield>
  <controlfield tag="005">20260511055827.0</controlfield>
  <controlfield tag="001">4642</controlfield>
  <datafield tag="540" ind1=" " ind2=" ">
    <subfield code="u">https://creativecommons.org/licenses/by/4.0/legalcode</subfield>
    <subfield code="a">Creative Commons Attribution 4.0 International</subfield>
  </datafield>
  <datafield tag="980" ind1=" " ind2=" ">
    <subfield code="a">dataset</subfield>
  </datafield>
  <datafield tag="856" ind1="4" ind2=" ">
    <subfield code="s">18750</subfield>
    <subfield code="u">https://rodare.hzdr.de/record/4642/files/Experimental data.csv</subfield>
    <subfield code="z">md5:ecdb24e744f1e4bde89d93956797384b</subfield>
  </datafield>
  <datafield tag="653" ind1=" " ind2=" ">
    <subfield code="a">Wire mesh demister</subfield>
  </datafield>
  <datafield tag="653" ind1=" " ind2=" ">
    <subfield code="a">Flooding point</subfield>
  </datafield>
  <datafield tag="653" ind1=" " ind2=" ">
    <subfield code="a">Liquid carryover</subfield>
  </datafield>
  <datafield tag="653" ind1=" " ind2=" ">
    <subfield code="a">TERESA</subfield>
  </datafield>
  <datafield tag="653" ind1=" " ind2=" ">
    <subfield code="a">Droplets</subfield>
  </datafield>
  <datafield tag="653" ind1=" " ind2=" ">
    <subfield code="a">Distillation column</subfield>
  </datafield>
  <datafield tag="520" ind1=" " ind2=" ">
    <subfield code="a">&lt;p&gt;This dataset contains operating conditions from the TERESA facility during an experimental campaign investigating flooding points of wire mesh demisters (see the associated journal paper for details).&lt;/p&gt;

&lt;p&gt;Each row reports time-averaged values over 45 minutes of steady-state operation. Experiments were conducted with the fluid (3M&amp;trade; Novec&amp;trade; 649) at saturation conditions defined by system pressure. F-factors are calculated based on a mesh diameter of 275 mm, while individual meshes are differentiated by their specific surface area (column 2).&lt;/p&gt;

&lt;p&gt;Fluid properties were computed using REFPROP (v10). Liquid carryover values are corrected (see Appendix A1 of the journal paper). Entries labeled &amp;ldquo;uncertain&amp;rdquo; indicate marginal measurements of entrained liquid below the confidence threshold and should be treated as qualitative only.&lt;/p&gt;

&lt;p&gt;&lt;strong&gt;CSV structure:&lt;/strong&gt;&lt;/p&gt;

&lt;ul&gt;
	&lt;li&gt;
	&lt;p&gt;Lines 1&amp;ndash;2: headers (variable names and units)&lt;/p&gt;
	&lt;/li&gt;
	&lt;li&gt;
	&lt;p&gt;Subsequent lines: one experiment per row&lt;/p&gt;
	&lt;/li&gt;
	&lt;li&gt;
	&lt;p&gt;Export settings: Windows-1252 encoding; comma-separated fields; double-quote text delimiter&lt;/p&gt;
	&lt;/li&gt;
&lt;/ul&gt;</subfield>
  </datafield>
  <datafield tag="909" ind1="C" ind2="O">
    <subfield code="o">oai:rodare.hzdr.de:4642</subfield>
    <subfield code="p">openaire_data</subfield>
    <subfield code="p">user-fwd</subfield>
    <subfield code="p">user-rodare</subfield>
    <subfield code="p">user-topflow</subfield>
  </datafield>
  <datafield tag="100" ind1=" " ind2=" ">
    <subfield code="a">Döß, Alexander</subfield>
    <subfield code="u">Helmholtz-Zentrum Dresden Rossendorf</subfield>
    <subfield code="0">(orcid)0000-0002-4373-849X</subfield>
  </datafield>
  <datafield tag="041" ind1=" " ind2=" ">
    <subfield code="a">eng</subfield>
  </datafield>
  <datafield tag="024" ind1=" " ind2=" ">
    <subfield code="a">10.14278/rodare.4642</subfield>
    <subfield code="2">doi</subfield>
  </datafield>
  <datafield tag="245" ind1=" " ind2=" ">
    <subfield code="a">Dataset for: Prediction Methods for Flooding Points in Knitted Wire Mesh Demisters at Relevant Fluid properties</subfield>
  </datafield>
  <datafield tag="650" ind1="1" ind2="7">
    <subfield code="a">cc-by</subfield>
    <subfield code="2">opendefinition.org</subfield>
  </datafield>
  <datafield tag="542" ind1=" " ind2=" ">
    <subfield code="l">open</subfield>
  </datafield>
  <datafield tag="980" ind1=" " ind2=" ">
    <subfield code="a">user-fwd</subfield>
  </datafield>
  <datafield tag="980" ind1=" " ind2=" ">
    <subfield code="a">user-rodare</subfield>
  </datafield>
  <datafield tag="980" ind1=" " ind2=" ">
    <subfield code="a">user-topflow</subfield>
  </datafield>
  <datafield tag="260" ind1=" " ind2=" ">
    <subfield code="c">2026-05-05</subfield>
  </datafield>
</record>
38
3
views
downloads
All versions This version
Views 3838
Downloads 33
Data volume 56.2 kB56.2 kB
Unique views 3535
Unique downloads 33

Share

Cite as